Indo-European Language Branches - Tile Select - Statistics

General Stats
  • This quiz has been taken 1,295 times
  • The average score is 94 of 116
Answer Stats
Question Tile Select % Correct
Romance languages (part of the Italic branch) Hungarian No
99%
Romance languages (part of the Italic branch) Albanian No
98%
Romance languages (part of the Italic branch) Greek No
98%
Romance languages (part of the Italic branch) Italian Yes
98%
Romance languages (part of the Italic branch) Macedonian No
98%
Celtic languages French No
96%
Germanic languages Sámi No
96%
Germanic languages Estonian No
95%
Romance languages (part of the Italic branch) Flemish No
95%
Germanic languages German Yes
95%
Celtic languages Norwegian No
95%
Romance languages (part of the Italic branch) Basque No
94%
Germanic languages Dutch Yes
94%
Celtic languages English No
94%
Celtic languages Icelandic No
94%
Germanic languages Lithuanian No
94%
Celtic languages Scottish Gaelic Yes
94%
Germanic languages English Yes
93%
Celtic languages Frisian No
93%
Balto-Slavic languages Greek No
93%
Germanic languages Polish No
93%
Germanic languages Finnish No
92%
Celtic languages Flemish No
92%
Germanic languages Irish No
92%
Celtic languages Irish Yes
92%
Celtic languages Occitan No
92%
Balto-Slavic languages Romani No
92%
Germanic languages Welsh No
92%
Celtic languages Welsh Yes
92%
Balto-Slavic languages Armenian No
91%
Germanic languages Czech No
91%
Balto-Slavic languages Romanian No
91%
Romance languages (part of the Italic branch) Sicilian Yes
91%
Celtic languages Walloon No
91%
Celtic languages Cornish Yes
90%
Germanic languages Danish Yes
90%
Celtic languages Faroese No
89%
Balto-Slavic languages Hungarian No
89%
Germanic languages Bavarian Yes
88%
Celtic languages Breton Yes
88%
Germanic languages Low Saxon Yes
88%
Romance languages (part of the Italic branch) Maltese No
88%
Balto-Slavic languages Slovak Yes
88%
Romance languages (part of the Italic branch) Venetian Yes
88%
Germanic languages Afrikaans Yes
87%
Germanic languages Luxembourgish Yes
87%
Germanic languages Norwegian Yes
87%
Balto-Slavic languages Serbian Yes
87%
Germanic languages Swedish Yes
87%
Indo-Iranian languages Persian Yes
86%
Balto-Slavic languages Belarusian Yes
85%
Balto-Slavic languages Bosnian Yes
85%
Balto-Slavic languages Croatian Yes
85%
Romance languages (part of the Italic branch) Neapolitan Yes
85%
Romance languages (part of the Italic branch) Romani No
85%
Balto-Slavic languages Russian Yes
85%
Romance languages (part of the Italic branch) Sardinian Yes
85%
Balto-Slavic languages Slovenian Yes
85%
Indo-Iranian languages Tibetan No
85%
Balto-Slavic languages Ukrainian Yes
85%
Balto-Slavic languages Bulgarian Yes
84%
Indo-Iranian languages Hindi Yes
84%
Balto-Slavic languages Polish Yes
84%
Indo-Iranian languages Punjabi Yes
84%
Indo-Iranian languages Urdu Yes
84%
Indo-Iranian languages Burmese No
83%
Germanic languages Icelandic Yes
83%
Balto-Slavic languages Latvian Yes
83%
Balto-Slavic languages Czech Yes
82%
Germanic languages Frisian Yes
82%
Balto-Slavic languages Karelian No
82%
Balto-Slavic languages Lithuanian Yes
82%
Balto-Slavic languages Montenegrin Yes
82%
Celtic languages Manx Yes
81%
Romance languages (part of the Italic branch) Spanish Yes
81%
Balto-Slavic languages Albanian No
80%
Romance languages (part of the Italic branch) French Yes
80%
Indo-Iranian languages Pashto Yes
80%
Germanic languages Faroese Yes
79%
Balto-Slavic languages Macedonian Yes
79%
Romance languages (part of the Italic branch) Portuguese Yes
79%
Romance languages (part of the Italic branch) Romanian Yes
79%
Indo-Iranian languages Gujarati Yes
77%
Indo-Iranian languages Malayalam No
77%
Germanic languages Alemannic Yes
76%
Indo-Iranian languages Bengali Yes
76%
Indo-Iranian languages Armenian No
75%
Romance languages (part of the Italic branch) Catalan Yes
75%
Germanic languages Greenlandic No
75%
Romance languages (part of the Italic branch) Lombard Yes
75%
Balto-Slavic languages Estonian No
73%
Indo-Iranian languages Kannada No
73%
Germanic languages Yiddish Yes
73%
Indo-Iranian languages Kurdish Yes
70%
Indo-Iranian languages Marathi Yes
70%
Romance languages (part of the Italic branch) Romansh Yes
70%
Indo-Iranian languages Sindhi Yes
68%
Indo-Iranian languages Tamil No
68%
Indo-Iranian languages Telugu No
68%
Indo-Iranian languages Azerbaijani No
67%
Celtic languages Scots No
65%
Romance languages (part of the Italic branch) Galician Yes
64%
Balto-Slavic languages Moldovan No
64%
Indo-Iranian languages Nepali Yes
64%
Romance languages (part of the Italic branch) Occitan Yes
63%
Germanic languages Scots Yes
62%
Romance languages (part of the Italic branch) Friulian Yes
57%
Indo-Iranian languages Romani Yes
55%
Romance languages (part of the Italic branch) Asturian Yes
54%
Indo-Iranian languages Bhojpuri Yes
53%
Balto-Slavic languages Silesian Yes
53%
Indo-Iranian languages Sinhala Yes
53%
Romance languages (part of the Italic branch) Walloon Yes
48%
Indo-Iranian languages Maithili Yes
40%
Indo-Iranian languages Odia Yes
38%
Indo-Iranian languages Saraiki Yes
29%
No matching quizzes found
Score Distribution
Percent of People with Each Score
Percentile by Number Answered
Your Score History
You have not taken this quiz